000 00977cam a2200217 4500
001 WB3918-16
008 030513n2003 000 0 eng u
035 _a(Sirsi) u122251
245 _aDEFRA strategy aims to crack rural poverty
260 _c2003
490 _aRegeneration and Renewal
_v9 May 2003, 10(1)
490 _aDEFRA News Release
_v(153/02) 2 May 2003 (2)
520 _aDEFRA's new three-year strategy seeks to improve economic regeneration and tackle social exclusion in the poorest rural areas. DEFRA will work with regional development agencies, local businesses and other government departments to address financial exclusion and identify new business opportunities. Defra's strategy at www.defra.gov.uk/corporate/strategy0306/index.htm.www.defra.gov.uk/news/2003/030502b.htm
590 _aWB
650 _aRURAL AREAS
650 _aPOVERTY
650 _aSOCIAL EXCLUSION
650 _aECONOMIC REGENERATION
690 _aREGENERATION
942 _n0
999 _c72656
_d72656